| 000 | 00717nam a2200241 a 4500 | ||
|---|---|---|---|
| 001 | BRCA_3908 | ||
| 005 | 20190320204454.0 | ||
| 008 | 120110s1942----mx-#######---#000-0#spa-# | ||
| 041 | _aspa | ||
| 044 | _amx | ||
| 050 | 4 |
_aF1233.J8 _b.O23 1942 |
|
| 100 | 1 |
_aOcaranza, Fernando. _98142 |
|
| 245 | 1 | 0 |
_aJuárez y sus amigos _cFernando Ocaranza. |
| 260 |
_aMéxico _bStylo _c1942 |
||
| 300 |
_a251 p. _c24 cm. |
||
| 440 | 0 |
_aInstituto Panamericano de Geografía e Historia Publicación _v65 _910160 |
|
| 500 | _aC55 | ||
| 600 | 1 | 4 |
_aJuárez, Benito _d1806-1872 _94845 |
| 650 | 1 | 4 |
_aMéxico _eBiografía _94504 |
| 650 | 1 | 4 |
_aMéxico _eHistoria _yIntervención francesa, 1861-1867 _910161 |
| 902 | _aGFM | ||
| 942 |
_2lcc _cB |
||
| 999 |
_c3635 _d3635 |
||